000 00437nam a2200157Ia 4500
005 20250729165331.0
008 250729s2005 xx 000 0 und d
041 _aeng
082 _a370.78 MISP
100 _aNarayana D U V
_9221121
245 _aSchool Administration and Management
260 _aNew Delhi
_bOrbis Books Sonali Publication
_c2005
300 _a142p
650 _aEducation
_9221122
700 _aSathya Krishna
_9221123
999 _c234863
_d234863